2024 Bears NFL Starting Depth Chart - Statistics

General Stats
  • This quiz has been taken 129 times
  • The average score is 10 of 27
Answer Stats
Hint Answer % Correct
QB Caleb Williams
100%
WR DJ Moore
96%
RB D'Andre Swift
93%
WR Keenan Allen
91%
TE Cole Kmet
58%
WR Rome Odunze
57%
RDT Montez Sweat
43%
LCB Jaylon Johnson
41%
RT Darnell Wright
37%
PK Cairo Santos
34%
LT Braxton Jones
29%
SS Jaquan Brisker
28%
WLB T. J. Edwards
26%
P/H Tory Taylor
26%
MLB Tremaine Edmunds
26%
RG Nate Davis
24%
LG Teven Jenkins
23%
RCB Tyrique Stevenson
23%
FB Khari Blasingame
19%
SLB Jack Sanborn
18%
LDE Andrew Billings
17%
C Coleman Shelton
14%
FS Kevin Byard III
14%
LS Patrick Scales
13%
RDT Gervon Dexter Sr.
11%
PR/KR Velus Jones Jr.
9%
LDE DeMarcus Walker
8%
No matching quizzes found
Score Distribution
Percent of People with Each Score
Percentile by Number Answered
Your Score History
You have not taken this quiz